书目信息 |
| 题名: |
汽车材料
|
|
| 作者: | 王海峰 , 罗小敏 主编 | |
| 分册: | ||
| 出版信息: | 北京 兵器工业出版社 2015 |
|
| 页数: | 248页 | |
| 开本: | 26cm | |
| 丛书名: | ||
| 单 册: | ||
| 中图分类: | U465 | |
| 科图分类: | ||
| 主题词: | 汽车--工程材料--教材 | |
| 电子资源: | ||
| ISBN: | 978-7-5181-0125-2 | |
| 000 | 00826nam0 2200241 450 | |
| 001 | 012015000223 | |
| 005 | 20151130144602.95 | |
| 010 | @a978-7-5181-0125-2@dCNY38.00 | |
| 100 | @a20151126d2015 em y0chiy50 ea | |
| 101 | 0 | @achi |
| 102 | @aCN@b110000 | |
| 105 | @aak z 000yy | |
| 106 | @ar | |
| 200 | 1 | @a汽车材料@Aqi che cai liao@f王海峰,罗小敏主编 |
| 210 | @a北京@c兵器工业出版社@d2015 | |
| 215 | @a248页@c图@d26cm | |
| 330 | @a本书主要内容包括:绪论、金属材料的性能、钢铁材料、有色金属及其合金、汽车上典型金属零件的选材、非金属材料、汽车燃料、车用润滑材料及工作液、汽车轮胎及其他易耗材料和汽车美容材料等。 | |
| 606 | 0 | @a汽车@x工程材料@j教材 |
| 690 | @aU465@v5 | |
| 701 | 0 | @a王海峰@Awang hai feng@4主编 |
| 701 | 0 | @a罗小敏@Aluo xiao min@4主编 |
| 801 | 0 | @aCN@b碧洲教育@c20151127 |
| 905 | @a10447@f4@dU465@e275 | |
| 汽车材料/王海峰,罗小敏主编.-北京:兵器工业出版社,2015 |
| 248页:图;26cm |
| ISBN 978-7-5181-0125-2:CNY38.00 |
| 本书主要内容包括:绪论、金属材料的性能、钢铁材料、有色金属及其合金、汽车上典型金属零件的选材、非金属材料、汽车燃料、车用润滑材料及工作液、汽车轮胎及其他易耗材料和汽车美容材料等。 |
| ● |
| 相关链接 |
|
|
|
|
正题名:汽车材料
索取号:U465/275
 
预约/预借
| 序号 | 登录号 | 条形码 | 馆藏地/架位号 | 状态 | 备注 |
| 1 | 0871221 | 208712213 | 第二样本阅览室/ [索取号:U465/275] | 在馆 | |
| 2 | 0871222 | 208712222 | 第三借阅区/ [索取号:U465/275] | 在馆 | |
| 3 | 0871223 | 208712231 | 密集书库-物理学院/ [索取号:U465/275] | 在馆 | |
| 4 | 0871224 | 208712240 | 第三借阅区/ [索取号:U465/275] | 在馆 |